Profesionálny náhradný rodič - zmeny v zamestnávaní

Profesionálny náhradný rodič je človek, ktorý sa na základe zmluvy a odborného vzdelania stará o dieťa alebo deti, ktoré nemôžu vyrastať vo svojej biologickej rodine. Ide o profesionálne vykonávanie náhradnej starostlivosti ako špecifickú formu pestúnskej starostlivosti, ktorú poskytujú najmä profes...

ver descrição completa

Na minha lista:
Detalhes bibliográficos
Autor principal: Ivanáková, Daniela
Formato: Capítulo de Livro
Idioma:eslovaco
Assuntos:
Tags: Adicionar Tag
Sem tags, seja o primeiro a adicionar uma tag!

MARC

LEADER 00000naa a2200000 4500
001 0315542
005 20260324140128.0
041 0 |a slo 
044 |a SK 
245 1 0 |a Profesionálny náhradný rodič - zmeny v zamestnávaní  |c Daniela Ivanáková 
520 |a Profesionálny náhradný rodič je človek, ktorý sa na základe zmluvy a odborného vzdelania stará o dieťa alebo deti, ktoré nemôžu vyrastať vo svojej biologickej rodine. Ide o profesionálne vykonávanie náhradnej starostlivosti ako špecifickú formu pestúnskej starostlivosti, ktorú poskytujú najmä profesionálne rodiny pod záštitou Centier pre deti a rodiny. Legislatíva profesionálneho rodičovstva. 
610 2 0 |a deti 
610 2 0 |a starostlivosť o deti 
610 2 0 |a starostlivosť sociálna 
610 2 0 |a novelizácia 
610 2 0 |a zákony 
100 1 |a Ivanáková, Daniela